[Event "Dublin Irish op"]
[Site "Dublin"]
[Date "2019.04.17"]
[Round "1"]
[White "O'Donnell, Conor"]
[Black "Boyle, Bernard"]
[Result "1-0"]
[WhiteElo "2369"]
[BlackElo "1799"]
[PlyCount "53"]
[EventDate "2019.04.17"]
[EventType "swiss"]
[EventRounds "9"]
[EventCountry "IRL"]
[SourceTitle "CBM 189 Extra"]
[Source "ChessBase"]
[SourceDate "2019.06.03"]
[SourceVersion "1"]
[SourceVersionDate "2019.06.03"]
[SourceQuality "1"]

1. d4 e6 2. c4 b6 3. e4 Bb4+ 4. Bd2 Bxd2+ 5. Nxd2 Bb7 6. Qg4 Qf6 7. Ngf3 Nh6 8. Qg3 d6 9. Bd3 Qg6 10. Qf4 Nd7 11. 0-0-0 0-0-0 12. Bc2 Qf6 13. Qe3 e5 14. h3 Rhe8 15. g4 Ng8 16. g5 exd4 17. Nxd4 Qe5 18. Rhe1 Qa5 19. a3 f6 20. h4 Qe5 21. f4 Qe7 22. Ba4 d5 23. cxd5 Bxd5 24. Nf5 Qf7 25. Qc3 Qf8 26. Nc4 Bb7 27. Nd2 1-0

[Event "Gonzaga Masters"]
[Site "Dublin"]
[Date "2012.01.28"]
[Round "3"]
[White "Delaney, Rory"]
[Black "Boyle, Bernard"]
[Result "1/2-1/2"]
[WhiteElo "1976"]
[BlackElo "1942"]
[PlyCount "114"]
[EventDate "2012.01.27"]
[EventType "swiss"]
[EventRounds "5"]
[EventCountry "IRL"]
[SourceTitle "EXT 2023"]
[Source "ChessBase"]
[SourceDate "2022.10.05"]
[SourceVersion "1"]
[SourceVersionDate "2022.10.05"]
[SourceQuality "1"]

1. e4 e6 2. d4 d5 3. Nc3 Nf6 4. e5 Nfd7 5. Nce2 c5 6. c3 Nc6 7. Nf3 cxd4 8. cxd4 f6 9. exf6 Nxf6 10. Ng3 Bd6 11. Bd3 0-0 12. 0-0 e5 13. dxe5 Nxe5 14. Nxe5 Bxe5 15. Qb3 Kh8 16. Bg5 h6 17. Bd2 Ne4 18. Bxe4 dxe4 19. Bb4 Rf4 20. Rae1 Qh4 21. Bd2 Rg4 22. Qb5 Bxg3 23. fxg3 Qd8 24. Bc3 Rg5 25. Qb4 Qb6+ 26. Qxb6 axb6 27. Rf8+ Kh7 28. a3 Rf5 29. Re8 Rc5 30. Re3 b5 31. h4 Ra6 32. Re7 Rg6 33. R7xe4 Bd7 34. Rf4 Bc6 35. Rf7 Rc4 36. Kf2 Re4 37. Rxe4 Bxe4 38. Rf4 Bc6 39. g4 h5 40. g5 Be8 41. Rf8 Re6 42. g3 Re7 43. Rf4 Rf7 44. Ke3 Rxf4 45. gxf4 Bd7 46. Ke4 g6 47. Ke5 Kg8 48. Kf6 Bf5 49. Bb4 Be4 50. Bd6 Bf5 51. b3 Be4 52. a4 bxa4 53. bxa4 Kh7 54. a5 Bf5 55. Be5 Be4 56. Ke6 Bf5+ 57. Kd6 Be4 1/2-1/2

[Event "IRL-ch"]
[Site "Dublin"]
[Date "2010.07.11"]
[Round "9"]
[White "Boyle, Bernard"]
[Black "Daly, Colm"]
[Result "1-0"]
[WhiteElo "1943"]
[BlackElo "2322"]
[PlyCount "105"]
[EventDate "2010.07.03"]
[EventType "swiss"]
[EventRounds "9"]
[EventCountry "IRL"]
[SourceTitle "EXT 2023"]
[Source "ChessBase"]
[SourceDate "2022.10.05"]
[SourceVersion "1"]
[SourceVersionDate "2022.10.05"]
[SourceQuality "1"]

1. d4 g6 2. Nf3 Bg7 3. Bf4 d6 4. Nc3 b6 5. Qd2 Bb7 6. e4 Nd7 7. 0-0-0 a6 8. Bc4 e6 9. Ng5 h6 10. Nh3 b5 11. Bb3 Ngf6 12. f3 e5 13. dxe5 dxe5 14. Be3 c6 15. Nf2 Qe7 16. Nd3 h5 17. h4 0-0 18. Bg5 a5 19. a4 Nc5 20. Nxc5 Qxc5 21. Qd6 Qxd6 22. Rxd6 b4 23. Ne2 Nh7 24. Rxg6 Kh8 25. Rd6 f6 26. Be3 Rfd8 27. Rhd1 Rxd6 28. Rxd6 Bf8 29. Rd7 Ba6 30. Ng3 c5 31. Be6 Bc8 32. Rd8 Bb7 33. Rxa8 Bxa8 34. Nxh5 Bc6 35. b3 Be8 36. Ng3 Be7 37. Nf5 Bf8 38. Bh6 Bg6 39. Bxf8 Nxf8 40. Bc8 Bh7 41. Nd6 Ng6 42. Nc4 Nxh4 43. Nxa5 Nxg2 44. Nb7 Nh4 45. Bg4 Ng6 46. a5 Ne7 47. Bd7 f5 48. a6 fxe4 49. a7 exf3 50. a8Q+ Kg7 51. Nxc5 e4 52. Nxe4 Ng6 53. Bf5 1-0

[Event "IRL-ch"]
[Site "Dublin"]
[Date "2010.07.07"]
[Round "5"]
[White "Boyle, Bernard"]
[Black "Butler, Kevin J"]
[Result "0-1"]
[WhiteElo "1943"]
[BlackElo "2054"]
[PlyCount "104"]
[EventDate "2010.07.03"]
[EventType "swiss"]
[EventRounds "9"]
[EventCountry "IRL"]
[SourceTitle "CBM 137 Extra"]
[Source "ChessBase"]
[SourceDate "2010.09.01"]
[SourceVersion "1"]
[SourceVersionDate "2010.09.01"]
[SourceQuality "1"]

1. d4 Nf6 2. Bf4 d6 3. e3 Nbd7 4. Nf3 g6 5. Be2 Bg7 6. h3 0-0 7. 0-0 Qe8 8. c4 e5 9. dxe5 dxe5 10. Bh2 Ne4 11. Qc2 f5 12. Na3 c6 13. Rad1 Kh8 14. b4 a5 15. b5 Ndc5 16. Nd2 Qe7 17. Nxe4 Nxe4 18. Nb1 Qc5 19. Nd2 Ng5 20. Nb3 Qe7 21. a4 f4 22. exf4 exf4 23. Rfe1 Qb4 24. Nd2 Bf5 25. Bd3 Bxd3 26. Qxd3 Rad8 27. Qb3 Bc3 28. Qxb4 Bxb4 29. h4 Rxd2 30. hxg5 Ra2 31. Re4 Bc5 32. Rxf4 Rxf4 33. Bxf4 Rxf2 34. Be5+ Kg8 35. Kh1 Rf5 36. Bf6 Rf4 37. Rd8+ Kf7 38. g3 Rxc4 39. Rd7+ Ke6 40. Rxb7 cxb5 41. axb5 a4 42. b6 a3 43. Ra7 Rb4 44. Ra6 Rxb6 45. Ra5 Bd6 46. Kg2 Rb3 47. Kf2 Bxg3+ 48. Ke2 Bd6 49. Bg7 Rg3 50. Kf2 Rh3 51. Ra6 Rh4 52. Bf8 Rf4+ 0-1

[Event "IRL-ch"]
[Site "Dublin"]
[Date "2008.07.10"]
[Round "6"]
[White "Boyle, Bernard"]
[Black "Orr, Mark JL"]
[Result "0-1"]
[WhiteElo "1945"]
[BlackElo "2258"]
[PlyCount "100"]
[EventDate "2008.07.05"]
[EventType "swiss"]
[EventRounds "9"]
[EventCountry "IRL"]
[SourceTitle "CBM 125 Extra"]
[Source "ChessBase"]
[SourceDate "2008.09.01"]
[SourceVersion "1"]
[SourceVersionDate "2008.09.01"]
[SourceQuality "1"]

1. d4 Nf6 2. Bf4 g6 3. e3 Bg7 4. Nf3 d6 5. Be2 0-0 6. h3 b6 7. a4 c5 8. 0-0 a6 9. Nc3 Nbd7 10. Qd2 Bb7 11. Rfd1 Rc8 12. d5 Ne8 13. e4 Ne5 14. Nxe5 dxe5 15. Bh6 Nd6 16. Bxg7 Kxg7 17. h4 f6 18. Bg4 Rb8 19. Qe3 Bc8 20. Be6 Bxe6 21. dxe6 Qc8 22. Qh3 f5 23. exf5 Rxf5 24. g4 Rf8 25. g5 Rf5 26. Rxd6 exd6 27. Ne4 Qxe6 28. Ng3 d5 29. Ra3 Re8 30. Nxf5+ Qxf5 31. Kg2 Qxh3+ 32. Rxh3 e4 33. Rb3 Re6 34. c4 dxc4 35. Rc3 b5 36. axb5 axb5 37. b3 Rd6 38. bxc4 b4 39. Rc1 Rd3 40. Re1 Kf7 41. Rxe4 Rd4 42. Kf3 Rxe4 43. Kxe4 Ke6 44. f4 b3 45. Kd3 Kf5 46. Kc3 Kxf4 47. Kxb3 Ke4 48. Kc3 Ke3 49. Kc2 Kd4 50. Kd2 Kxc4 0-1

[Event "IRL-ch"]
[Site "Dublin"]
[Date "2008.07.08"]
[Round "4"]
[White "Boyle, Bernard"]
[Black "Benson, Oisin P"]
[Result "1/2-1/2"]
[WhiteElo "1945"]
[BlackElo "1852"]
[PlyCount "141"]
[EventDate "2008.07.05"]
[EventType "swiss"]
[EventRounds "9"]
[EventCountry "IRL"]
[SourceTitle "CBM 125 Extra"]
[Source "ChessBase"]
[SourceDate "2008.09.01"]
[SourceVersion "1"]
[SourceVersionDate "2008.09.01"]
[SourceQuality "1"]

1. d4 Nf6 2. Bf4 g6 3. e3 Bg7 4. Nf3 0-0 5. Be2 d6 6. 0-0 Nbd7 7. h3 c5 8. c3 b6 9. a4 a6 10. Nbd2 Bb7 11. Qb3 Bc6 12. Rfd1 Qc7 13. Ne1 Qb7 14. Bf3 Bxf3 15. Nexf3 Rfc8 16. a5 b5 17. c4 Rab8 18. cxb5 Qxb5 19. Qxb5 Rxb5 20. dxc5 Rcxc5 21. Rab1 Rb4 22. Nd4 e5 23. N4b3 exf4 24. Nxc5 Nxc5 25. exf4 Kf8 26. Rbc1 Ke7 27. Nc4 Nb3 28. Rc2 d5 29. Nb6 Nxa5 30. Nxd5+ Nxd5 31. Rxd5 Nb7 32. Rc7+ Ke6 33. Rdd7 Nd6 34. Re7+ Kf6 35. Red7 Ke6 36. g4 Rxf4 37. Re7+ Kd5 38. Ra7 Ra4 39. Rad7 Kc6 40. b3 Rb4 41. Ra7 Kb6 42. Ra8 a5 43. Rea7 Nb7 44. Ra6+ Kb5 45. R6a7 Kc6 46. Ra6+ Kc7 47. Re8 Kd7 48. Re3 Bd4 49. Rd3 Ke7 50. Rf3 Rb5 51. Rd3 Bb6 52. Rc3 Nc5 53. Rxb6 Rxb6 54. Rxc5 Rxb3 55. Rxa5 Rxh3 56. Kg2 Rd3 57. g5 Ke6 58. f4 Rd5 59. Rxd5 Kxd5 60. Kf3 Ke6 61. Kg4 f6 62. Kh4 Kf5 63. gxf6 Kxf6 64. Kg3 Kf5 65. Kf3 h6 66. Kg3 Ke4 67. Kg4 Ke3 68. f5 h5+ 69. Kg5 gxf5 70. Kxf5 h4 71. Kg4 1/2-1/2

[Event "IRL-ch"]
[Site "Dublin"]
[Date "2008.07.07"]
[Round "3"]
[White "Griffiths, Ryan Rhys"]
[Black "Boyle, Bernard"]
[Result "1-0"]
[WhiteElo "2069"]
[BlackElo "1945"]
[PlyCount "113"]
[EventDate "2008.07.05"]
[EventType "swiss"]
[EventRounds "9"]
[EventCountry "IRL"]
[SourceTitle "CBM 125 Extra"]
[Source "ChessBase"]
[SourceDate "2008.09.01"]
[SourceVersion "1"]
[SourceVersionDate "2008.09.01"]
[SourceQuality "1"]

1. e4 e6 2. d4 d5 3. Nc3 Nf6 4. e5 Ne4 5. Nxe4 dxe4 6. Bc4 Nd7 7. Ne2 Nb6 8. Bb3 c5 9. c3 Bd7 10. 0-0 cxd4 11. cxd4 Bc6 12. Nc3 Qh4 13. Qe2 Rd8 14. Rd1 h5 15. Bc2 Qg4 16. Qxg4 hxg4 17. Bg5 Be7 18. Bxe7 Kxe7 19. Bxe4 Rh6 20. Bxc6 bxc6 21. Ne4 Rdh8 22. h3 Nd5 23. Rac1 gxh3 24. g3 Rb8 25. b3 Rb6 26. Rc5 Ra6 27. Rd2 f5 28. Ng5 h2+ 29. Kh1 f4 30. a4 fxg3 31. fxg3 Ne3 32. Rxh2 Rxh2+ 33. Kxh2 Rb6 34. Rc3 Nf5 35. Nf3 Kd7 36. g4 Ne7 37. Nd2 Nd5 38. Rf3 Ke7 39. Nc4 Rb8 40. Na5 Nb4 41. Rc3 Kd7 42. Rf3 Ke7 43. Kg3 Rd8 44. Rc3 Kd7 45. Rc4 Rb8 46. Kh4 Rb6 47. Kg5 Nd5 48. Kg6 Ne3 49. Rc3 Nxg4 50. Kxg7 Ra6 51. Nc4 Nf2 52. Re3 Nd1 53. Rf3 c5 54. dxc5 Kc6 55. Rd3 Nb2 56. Rd6+ Kb7 57. Nxb2 1-0

[Event "IRL-ch"]
[Site "Dublin"]
[Date "2007.06.30"]
[Round "1"]
[White "Boyle, Bernard"]
[Black "Pert, Nicholas"]
[Result "0-1"]
[WhiteElo "1977"]
[BlackElo "2518"]
[PlyCount "68"]
[EventDate "2007.06.30"]
[EventType "swiss"]
[EventRounds "9"]
[EventCountry "IRL"]
[SourceTitle "CBM 119 Extra"]
[Source "ChessBase"]
[SourceDate "2007.09.04"]
[SourceVersion "1"]
[SourceVersionDate "2007.09.04"]
[SourceQuality "1"]

1. d4 d5 2. Bf4 Nf6 3. e3 c5 4. c3 Nc6 5. Nd2 Bf5 6. Qb3 Qc8 7. Ngf3 e6 8. Be2 Be7 9. Nh4 Bg4 10. f3 Bh5 11. g4 Nxg4 12. Ng2 Nf6 13. Bg3 Bg6 14. Nh4 Nd7 15. Nxg6 hxg6 16. Qc2 cxd4 17. cxd4 Nb4 18. Qxc8+ Rxc8 19. Kf2 Rc2 20. Rhd1 Rxb2 21. Rab1 Rxa2 22. e4 0-0 23. exd5 exd5 24. Nb3 Rc8 25. Rbc1 Rxc1 26. Nxc1 Rb2 27. Kf1 Rb1 28. Bf4 Nf8 29. Re1 Ne6 30. Bd2 Nxd4 31. Bd1 Ne6 32. Bb3 Bh4 33. Re2 Nd3 34. Bxd5 Nxc1 0-1